| 000 | 01202nam a2200289 4500 | ||
|---|---|---|---|
| 001 | 000021235 | ||
| 003 | DO-SdBNP | ||
| 005 | 20180202144626.0 | ||
| 007 | 000021235 | ||
| 008 | 150128s1984 dr a 000 0 spa d | ||
| 020 | _a9684940149 | ||
| 040 |
_aBPMSU _bspa _cBPMSU |
||
| 082 |
_a868.9983 _bC965a 1984 |
||
| 092 |
_a _b |
||
| 245 | 0 | 0 | _aCuentos de animales fantásticos para niños |
| 250 | _a4a ed. | ||
| 260 |
_aSao Paulo, Brasil : _b Editorial Ática _c1984. |
||
| 300 |
_a106 p. : _bil. ; _c22 cm. |
||
| 490 | 1 | _aCoedición latinoamericana | |
| 505 | 0 |
_aLa Boitatá (Brasil) -- _tEl hombre caimán (Colombia) -- _tLas guacamayas (Ecuador) -- _tEl caballito de sieto colores (Guatemala) -- _tEl murciélago (México) -- _tEl lagarto de oro (Nicaragua) -- _tEl Amaru (Perú) -- _tEl pájaro Inriri, fabricante de mujeres (Puerto Rico) -- _tLa novia del pececito (República Dominicana) -- _tBlanca y el Salvaje (Venezuela). |
|
| 650 |
_aCUENTOS INFANTILES LATINOAMERICANOS _vCOLECCIONES DE ESCRITOS |
||
| 700 | 1 |
_aÁlvarez, Rosanela, _eed |
|
| 830 | 0 | _aCoedición latinoamericana | |
| 942 |
_2ddc _cBK |
||
| 945 | _aInventariado, 2018 / BT | ||
| 956 |
_aVmateo _b10 _c20170623 _lBPMSU _h0069 |
||
| 999 |
_c12574 _d12574 |
||